| Поле | Название | Значение |
| |
Тип записи |
a |
| |
Библиографический уровень |
a |
| 001 |
Контрольный номер |
UONB/MAIN/bd8babc1e2f749688489e32cf5ed87b1 |
| 005 |
Дата корректировки |
20260515165244.8 |
| 100 |
Данные общей обработки |
__ |
| a |
Данные общей обработки |
20260515 ||| 0rusy0189 ca |
| 101 |
Язык документа |
0_ |
| a |
Язык текста |
rus |
| 102 |
Страна публикации |
__ |
| a |
Страна публикации |
RU |
| 200 |
Заглавие и сведения об ответственности |
1_ |
| a |
Заглавие |
Читать. Помнить. Открывать |
| 203 |
Вид содержания и тип средства |
__ |
| a |
Вид содержания |
Текст |
| b |
Характеристика содержания |
визуальный |
| c |
Тип средства |
непосредственный |
| 330 |
Аннотация |
__ |
| a |
Аннотация |
Итоги XIV книжного фестиваля "Симбирская книга". |
| 461 |
Уровень набора |
_0 |
| 1 |
|
2000 |
| a |
|
Народная газета |
| 463 |
Уровень физической единицы |
_0 |
| 1 |
|
2000 |
| a |
|
№ 17 (643) (29 апреля) |
| v |
|
С. 23 |
| 1 |
|
2101 |
| d |
|
2026 |
| 1 |
|
001UONB/MAIN/c4fd93d5899f42feb89e32e69922a734 |
| 600 |
Персоналии |
_1 |
| a |
Персоналии (Фамилия) |
Ильин |
| b |
Персоналии (Имя, инициалы) |
В. |
| g |
Полное имя |
Вячеслав |
| 600 |
Персоналии |
_1 |
| a |
Персоналии (Фамилия) |
Гужева |
| b |
Персоналии (Имя, инициалы) |
С. |
| g |
Полное имя |
Светлана |
| 600 |
Персоналии |
_1 |
| a |
Персоналии (Фамилия) |
Козина |
| b |
Персоналии (Имя, инициалы) |
О. |
| g |
Полное имя |
Олеся |
| 600 |
Персоналии |
_1 |
| a |
Персоналии (Фамилия) |
Бурдин |
| b |
Персоналии (Имя, инициалы) |
Е. |
| g |
Полное имя |
Евгений |
| 610 |
Ключевые слова |
0_ |
| a |
Ключевые слова |
книжные фестивали; фестивали; Симбирская книга; конкурсы |
| 686 |
Индексы других классификаций |
__ |
| a |
Классификационный индекс |
68.69 |
| 801 |
Источник записи |
_0 |
| a |
Страна |
RU |
| b |
Организация |
Ульяновская ОНБ |
| c |
Дата составления |
20260515 |
| g |
Правила каталогизации |
RCR |
| 801 |
Источник записи |
_1 |
| a |
Страна |
RU |
| b |
Организация |
Ульяновская ОНБ |
| c |
Дата составления |
20260515 |
| g |
Правила каталогизации |
RCR |
| 901 |
Тип документа |
__ |
| t |
Тип документа |
f |
| w |
Контрольный № источника |
UONB/MAIN/c4fd93d5899f42feb89e32e69922a734 |
| 909 |
Создатель записи |
__ |
| a |
Создатель записи |
Елягина |
| b |
Дата создания записи |
20260515 |